000 00596nam a2200193 a 4500
003 MX-MxUPN
005 20240115112228.0
007 cr
008 240115s1980 cl |||||o|||| 000 0 spa d
040 _aMX-MxUPN
_bspa
_cMX-MxUPN
_eaacr2
041 0 _aspa
245 0 0 _aEducación y sociedad en América Latina y el Caribe
_h[recurso electrónico en línea]
250 _aPrimera edición.
260 _aChile :
_bUNICEF,
_c1980.
300 _a1 recurso en línea (276 páginas) :
_bPDF.
506 0 _aAcceso abierto.
856 4 0 _uhttps://hdl.handle.net/11362/30630
942 _2lcc
_cLIBRO-E
999 _c210768
_d210768